00735nam a2200217Ii 45000010005000000030009000050080041000140400033000550410008000880820020000961000028001162450013001442640053001573000012002103360026002223370028002483380027002769400050003039990017003539520147003702533CO-ViMGA241108s9999||||xx |||||||||||||| ||und|| aCO-ViMGAbspaerdacCO-ViMGA0 aspa04aFA 843.8 - M18g1 aFrancois Mauriac94702410aGenitrix 1aBuenos Aires, Argentina : Editorial Losada, 1956 avolumen atextbtxt2rdacontent aunmediatedbn2rdamedia avolumebnc2rdacarrier aidficha_siabuc: 2478. -- ficha_no_siabuc:2533 c41603d41603 001040708FDArangoaMEVIGERRbMEVIGERRcLOCALd2006-07-18oFA 843.8 - M18gpECA16991r2024-11-26 08:56:20tEj.1w2024-11-26yBKz2478 | 2964